[Event "Vallfogona de Balaguer Farre Mem 1st"]
[Site "Vallfogona de Balaguer"]
[Date "2022.05.28"]
[Round "6"]
[White "Codina Garcia, Jose"]
[Black "Mares, Mario Gabriel"]
[Result "1/2-1/2"]
[WhiteElo "1892"]
[BlackElo "1449"]
[PlyCount "61"]
[EventDate "2022.04.23"]
[EventType "swiss"]
[EventRounds "8"]
[EventCountry "ESP"]
[SourceTitle "EXT 2023"]
[Source "ChessBase"]
[SourceDate "2022.10.05"]
[SourceVersion "1"]
[SourceVersionDate "2022.10.05"]
[SourceQuality "1"]

1. e4 c5 2. Nf3 e6 3. d4 cxd4 4. Nxd4 a6 5. c4 Nf6 6. Nc3 Qc7 7. Be2 Nc6 8. Nc2 Bc5 9. 0-0 d6 10. Be3 0-0 11. Qd2 b6 12. Rab1 Bxe3 13. Nxe3 Bb7 14. Rfd1 Rfd8 15. Rbc1 Rac8 16. Kh1 Ne7 17. f3 Ng6 18. Bf1 Qe7 19. Qd4 Rc6 20. Nc2 d5 21. cxd5 exd5 22. Nb4 Rcd6 23. Nbxd5 Nxd5 24. Nxd5 Bxd5 25. exd5 Rxd5 26. Qxd5 Rxd5 27. Rc8+ Nf8 28. Rxd5 Qe1 29. Kg1 Qe3+ 30. Kh1 Qe1 31. Kg1 1/2-1/2

[Event "Salou Salauris op 1st"]
[Site "Salou"]
[Date "2021.06.27"]
[Round "7"]
[White "Mares, Mario Gabriel"]
[Black "Zhukov, Anton1111"]
[Result "0-1"]
[WhiteElo "1442"]
[BlackElo "1789"]
[PlyCount "128"]
[EventDate "2021.06.25"]
[EventType "swiss"]
[EventRounds "7"]
[EventCountry "ESP"]
[SourceTitle "CBM 203 Extra"]
[Source "ChessBase"]
[SourceDate "2021.09.30"]
[SourceVersion "1"]
[SourceVersionDate "2021.09.30"]
[SourceQuality "1"]

1. e4 c6 2. d4 d5 3. Nd2 dxe4 4. Nxe4 Bf5 5. Bd3 e6 6. Nf3 Nd7 7. Bf4 Ndf6 8. Nc5 Bxc5 9. dxc5 Qa5+ 10. c3 Qxc5 11. Bxf5 Qxf5 12. Be3 Nd5 13. Nd4 Qe4 14. Qf3 Ngf6 15. Qxe4 Nxe4 16. 0-0 Nxe3 17. fxe3 Nd2 18. Rf2 Nc4 19. Re1 a6 20. b3 Ne5 21. Ref1 c5 22. Nf3 Nxf3+ 23. Rxf3 f6 24. Rg3 Kf7 25. e4 Rad8 26. Rg5 b6 27. a4 Rd3 28. Rg3 Rhd8 29. b4 c4 30. a5 bxa5 31. bxa5 Rxg3 32. hxg3 Rd3 33. Rf3 Rd1+ 34. Rf1 Rxf1+ 35. Kxf1 e5 36. Ke2 Ke6 37. Kd2 Kd6 38. Kc2 Kc5 39. g4 Kb5 40. Kb2 Kxa5 41. Ka3 Kb5 42. g3 g6 43. Kb2 Kc5 44. Ka3 f5 45. gxf5 gxf5 46. exf5 e4 47. Kb2 h5 48. Kc2 a5 49. Kd2 a4 50. Ke3 Kd5 51. f6 Ke6 52. Kxe4 a3 53. Kd4 a2 54. Kxc4 a1Q 55. Kb4 Kxf6 56. c4 Qe1+ 57. Kb5 Qxg3 58. c5 Qc7 59. c6 Ke5 60. Ka4 Qxc6+ 61. Ka5 Qb7 62. Ka4 Kd4 63. Ka3 Kc3 64. Ka2 Qb2# 0-1